000 01400cad a22002535a 4500
001 L143809
008 080603e20080530xxk f f000 0 eng d
020 _a9781409801344
035 _a(Sirsi) u143809
041 0 _aeng
050 0 4 _a333.73 $2 18
110 1 _aUnited Kingdom
_bDepartment for Communities and Local Government
_94939
245 0 0 _aWoodland establishment on landfill sites
_bten years of research
_h[electronic resource]
260 _aLondon
_bDCLG
_c2008
520 _aReports findings from a ten year research programme into the performance and impact of woodland growth on landfill sites. Finds that a minimum of one metre soil cover is required for trees up to 10 years. Reports details on the growth performance of different types of tree. Suggests that while it is too early to draw firm conclusions from these studies, there is no evidence to contradict the recommendations made in the Department of Environment's standards published in 1986.
521 2 _aAdvanced
590 _aKA
650 2 4 _aWASTE MANAGEMENT PAPER 26
651 4 _aUnited Kingdom
_y
690 _aPROPERTY-RURAL AND NATURAL ASSETS-LAND-CONTAMINATED LAND
690 _aENVIRONMENTAL AND LAND CONSULTANCY-WASTE MANAGEMENT
856 4 0 _uhttps://www.communities.gov.uk/publications/planningandbuilding/woodlandestablishment
_zView the item free of charge at www.communities.gov.uk...
942 _n0
999 _c108271
_d108271